LEADER 00960nam 2200337 450 001 9910353350703321 005 20221103184253.0 010 $a1-78984-795-8 035 $a(CKB)4100000009913423 035 $a(NjHacI)994100000009913423 035 $a(EXLCZ)994100000009913423 100 $a20221007d2019 uy 0 101 0 $aeng 135 $aur||||||||||| 181 $ctxt$2rdacontent 182 $cc$2rdamedia 183 $acr$2rdacarrier 200 00$aPublic economics and finance /$fedited by Bernur Ac??kgo?z 210 1$aLondon, England :$cIntechOpen,$d2019. 215 $a1 online resource (98 pages) $cillustrations 311 $a1-78984-794-X 606 $aFinance$zEngland$zLondon 615 0$aFinance 676 $a332.109421 702 $aAc??kgo?z$b Bernur 801 0$bNjHacI 801 1$bNjHacl 906 $aBOOK 912 $a9910353350703321 996 $aPublic Economics and Finance$91923591 997 $aUNINA LEADER 04031oas 2201645 a 450 001 9910134125603321 005 20251106213014.0 011 $a1552-4566 035 $a(DE-599)ZDB1499073-8 035 $a(OCoLC)42275858 035 $a(CONSER)sn 99023423 035 $a(CKB)954925411830 035 $a(EXLCZ)99954925411830 100 $a19990901a19709999 sy a 101 0 $aeng 135 $aurcnu|||||||| 181 $ctxt$2rdacontent 182 $cc$2rdamedia 183 $acr$2rdacarrier 200 10$aJournal of black studies 210 $aBeverly Hills, Calif. $cSage Publications$d1970- 300 $aRefereed/Peer-reviewed 300 $aPlace of publication varies: Beverly Hills, Calif., 1970-June 1986; Newbury Park, Calif., Sept. 1986-June 1993; Thousand Oaks, Calif., Sept. 1993- 311 08$a0021-9347 531 0 $aJ. black stud. 606 $aAfrican Americans$vPeriodicals 606 $aBlack people$vPeriodicals 606 $aAfrican Americans 606 $aSociology 606 $aBlack or African American 606 $aSociology 606 $aNoirs ame?ricains$vPe?riodiques 606 $aNoirs$vPe?riodiques 606 $aNoirs ame?ricains 606 $aSociologie 606 $aafrican american$2aat 606 $asociology$2aat 606 $aAfroamerykanie$2dbn 606 $aSociology$2fast$3(OCoLC)fst01123875 606 $aAfrican Americans$2fast$3(OCoLC)fst00799558 606 $aBlack people$2fast$3(OCoLC)fst00833880 606 $aSchwarze$2gnd 606 $aZeitschrift$2gnd 606 $aOnline-Ressource$2gnd 606 $aNegres$2thub 606 $aAfro-nord-americans$2thub 607 $aUSA$2swd 608 $aPeriodical. 608 $aFulltext. 608 $aInternet Resources. 608 $aPeriodicals. 608 $aperiodicals.$2aat 608 $aCzasopismo socjologiczne.$2dbn 608 $aPeriodicals.$2fast 608 $aPeriodicals.$2lcgft 608 $aPe?riodiques.$2rvmgf 608 $aRevistes electròniques.$2thub 615 0$aAfrican Americans 615 0$aBlack people 615 0$aAfrican Americans. 615 0$aSociology. 615 12$aBlack or African American. 615 12$aSociology. 615 6$aNoirs ame?ricains 615 6$aNoirs 615 6$aNoirs ame?ricains. 615 6$aSociologie. 615 7$aafrican american. 615 7$asociology. 615 7$aAfroamerykanie. 615 7$aSociology. 615 7$aAfrican Americans. 615 7$aBlack people. 615 7$aSchwarze 615 7$aZeitschrift. 615 7$aOnline-Ressource 615 7$aNegres. 615 7$aAfro-nord-americans. 676 $a909 801 0$bEYM 801 1$bEYM 801 2$bOCL 801 2$bOCLCQ 801 2$bFGA 801 2$bBUF 801 2$bOCLCQ 801 2$bOCL 801 2$bNSD 801 2$bOCL 801 2$bOCLCQ 801 2$bOCLCO 801 2$bOCLCQ 801 2$bORZ 801 2$bOCLCF 801 2$bOCLCO 801 2$bEUW 801 2$bOCLCO 801 2$bOCLCQ 801 2$bDEBBG 801 2$bDEFHM 801 2$bOCLCO 801 2$bOCLCQ 801 2$bOCLCA 801 2$bOCLCQ 801 2$bRCE 801 2$bNLE 801 2$bBRL 801 2$bUKMGB 801 2$bLHU 801 2$bUUM 801 2$bAU@ 801 2$bCASUM 801 2$bOCLCA 801 2$bCGU 801 2$bOCLCA 801 2$bVT2 801 2$bU3W 801 2$bOCLCO 801 2$bNJT 801 2$bOCLCA 801 2$bSFB 801 2$bOCLCA 801 2$bSERSO 801 2$bOCLCO 801 2$bDLC 801 2$bEZC 801 2$bOCLCQ 801 2$bOCLCO 801 2$bOCL 801 2$bOCLCO 801 2$bOCL 801 2$bOCLCQ 801 2$bIOY 801 2$bSXB 801 2$bOCLCL 801 2$bOCLCQ 906 $aJOURNAL 912 $a9910134125603321 996 $aJournal of black studies$9794113 997 $aUNINA